000 01536cam a22004457a 4500
001 000067004
003 CHAP
005 20220329141234.0
008 971010s1973 mx r 000|0 spa d
010 _a64949
011 _a65921
035 _a73496
040 _cCHAP
082 0 4 _a305.5633
_bR72
100 0 0 _aRogers, Everett M.
_999069
245 1 3 _aLa modernización entre los campesinos.
260 _aMéxico, D.F. :
_bFondo de Cultura Económica,
_c1973.
300 _a434 p.
490 1 _aSección de obras de sociología
590 _aBATCH-UPD
_b10
_c20130110
_lUCH01
_h0149
590 _aBATCH-UPD
_b10
_c20130110
_lUCH01
_h0819
590 _aBATCH-UPD
_b10
_c20130409
_lUCH01
_h2149
590 _aBATCH-UPD
_b10
_c20130410
_lUCH01
_h0814
590 _aBATCH-UPD
_b10
_c20130914
_lUCH01
_h2007
590 _aCONVERSION
_b10
_c20130109
_lUCH01
_h1335
590 _aE6096MTM
_b05
_c20150604
_lUCH01
_h1425
590 _aE6096MTM
_b05
_c20150604
_lUCH01
_h1427
590 _aE6096MTM
_b05
_c20150604
_lUCH01
_h1433
650 1 4 _aAgricultura
_xInnovaciones tecnológicas.
_91565
650 1 4 _aCampesinado.
_917993
650 1 4 _aSociología rural.
_9108215
700 0 _aSvenning, Lynne.
_9110831
830 0 _aSección de obras de sociología
_9103511
901 _aBK
942 _cLIBRO
942 _n0
949 _a301.35 R6Y
_bBC
_cLIBRO
_d-154587
_eLIBRO
_fc.2
_h31323
_i73496
_si
949 _a301.35 R6Y
_bBC
_cLIBRO
_d-154592
_eLIBRO
_fc.3
_h40096
_i73496
_si
949 _a301.35 R6Y
_bBC
_cLIBRO
_d33724000294997
_eLIBRO
_h29808
_i73496
_si
999 _c64949
_d64949